000 00541nam a2200241Ia 4500
005 20250425162044.0
008 250425s9999 xx 000 0 und d
020 _a968182458X
041 _aspa
082 _a620
100 _aLIVESLEY, R. K.
245 0 _aELEMENTOS FINITOS: INTRODUCCION PARA INGENIEROS
250 _a1A ED.
260 _aMEXICO
260 _aMéxico
_bLIMUSA
_c1988
300 _a224
650 _aSIMETRIA
650 _aSIMETRIA
650 _aVIGAS
650 _aVIGAS
942 _c01
010 _a44790
999 _c221444
_d221444